=LDR 00000nam 2200000 4500 =001 INLIS000000000018981 =005 20130612114108 =008 ***********************************Ind** =035 ##$$0010-061300000018981 =041 ##$$a Ind =082 ##$$a R.423 =090 ##$$a R.423, Sya k =100 ##$$a Syah, Jalinus =245 ##$$a Kamus praktis inggris-Indonesia, berdasarkan kurikulum 1994, Drs. Djalinus Syah =260 ##$$a 1996 $b Jakarta =300 ##$$a vi, 180 hlm, 21 cm =650 ##$$a Kamus Inggris Indonesia =850 ##$$a NBPNMAT